Hướng dẫn sử dụng Windows XP Professional

Đã lưu trong:
Bibliografiske detaljer
Hovedforfatter: NGUYỄN THU THIÊN
Format: Bog
Sprog:Undetermined
Udgivet: Hà Nội Thống Kê 2001
Fag:
Tags: Tilføj Tag
Ingen Tags, Vær først til at tagge denne postø!
Thư viện lưu trữ: Trung tâm Học liệu Trường Đại học Cần Thơ
LEADER 00511nam a2200169Ia 4500
001 CTU_47532
008 210402s9999 xx 000 0 und d
082 |a 005.43769 
082 |b Th305 
100 |a NGUYỄN THU THIÊN 
245 0 |a Hướng dẫn sử dụng Windows XP Professional 
245 0 |c NGUYỄN THU THIÊN 
260 |a Hà Nội 
260 |b Thống Kê 
260 |c 2001 
650 |a windows ( computer programs ) 
980 |a Trung tâm Học liệu Trường Đại học Cần Thơ